000 00221nam a2200097Ia 4500
008 240331s9999 xx 000 0 und d
082 _bFOR
100 _aLogo. ed
245 0 _aForeign Debt :
_bIs there a way out?
942 _cL
999 _c2675
_d2675